[Event "Gibraltar Tradewise op-A"]
[Site "Gibraltar ENG"]
[Date "2015.02.01"]
[Round "6.31"]
[White "Hansen, Eric"]
[Black "Khademalsharieh, Sarasadat"]
[Result "1-0"]
[WhiteElo "2574"]
[BlackElo "2372"]
[PlyCount "63"]
[GameId "2130307661936686"]
[EventDate "2015.01.27"]
[EventType "swiss"]
[EventRounds "10"]
[EventCountry "ENG"]
[SourceTitle "10 Days #425"]
[Source "Chess Mix"]

1. d4 Nf6 2. c4 e6 3. Nf3 b6 4. a3 Ba6 5. Qc2 c5 6. d5 exd5 7. cxd5 g6 8. Nc3 Bg7 9. g3 O-O 10. Bg2 d6 11. O-O b5 12. Nd2 Nbd7 13. Nde4 Qb6 14. Bf4 Nxe4 15. Nxe4 Ne5 16. b4 c4 17. h3 Bb7 18. Qd2 c3 19. Nxc3 Nc4 20. Qd3 Bc8 21. Ne4 a5 22. Rab1 axb4 23. axb4 Ra3 24. Qd1 Nb2 25. Rxb2 Bxb2 26. Nxd6 Rd8 27. Qc2 Bf6 28. Qc5 Ra6 29. Nxb5 Qxc5 30. bxc5 Ra5 31. Nd6 Ba6 32. Ne4 1-0

[Event "Gibraltar Tradewise op-A"]
[Site "Gibraltar ENG"]
[Date "2015.02.02"]
[Round "7"]
[White "Shyam, Sundar M2"]
[Black "Hansen, Eric"]
[Result "0-1"]
[WhiteElo "2489"]
[BlackElo "2574"]
[PlyCount "90"]
[GameId "2130307661940864"]
[EventDate "2015.01.27"]
[EventType "swiss"]
[EventRounds "10"]
[EventCountry "ENG"]
[SourceTitle "Mega2015 Update 12"]
[Source "Chessbase"]
[SourceDate "2015.02.13"]
[SourceVersion "1"]
[SourceVersionDate "2015.02.13"]
[SourceQuality "1"]

1. d4 Nf6 2. c4 e6 3. Nf3 d5 4. Bg5 dxc4 5. Qa4+ Nbd7 6. Nc3 a6 7. e4 Rb8 8. Qxc4 b5 9. Qd3 Bb7 10. Rd1 h6 11. Bxf6 Nxf6 12. e5 Nd5 13. Nxd5 Bxd5 14. Qc3 Rc8 15. b4 c6 16. Nd2 a5 17. bxa5 Bxa2 18. Be2 Be7 19. O-O O-O 20. Bf3 b4 21. Qc2 Qxa5 22. Ra1 Ra8 23. Bxc6 Rfc8 24. Qe4 Ra7 25. Rfc1 Qd8 26. Qe3 Ra3 27. Qe4 b3 28. Nc4 Ra7 29. d5 exd5 30. Bxd5 b2 31. Bxf7+ Kxf7 32. Nxb2 Rxc1+ 33. Rxc1 Be6 34. Nd3 Kg8 35. Nf4 Qd2 36. Rf1 Bc5 37. g3 Qd7 38. Rc1 Ba3 39. Rc6 Bf5 40. Qc4+ Kh7 41. Kg2 Qd1 42. Ra6 Rxa6 43. Qxa6 Be4+ 44. Kh3 Qf3 45. Qe6 Qxf2 0-1

[Event "Gibraltar Tradewise op-A"]
[Site "Gibraltar ENG"]
[Date "2015.02.03"]
[Round "8.17"]
[White "Hansen, Eric"]
[Black "Nakar, Eylon"]
[Result "0-1"]
[WhiteElo "2574"]
[BlackElo "2419"]
[PlyCount "102"]
[GameId "2129404780658050"]
[EventDate "2015.01.27"]
[EventType "swiss"]
[EventRounds "10"]
[EventCountry "ENG"]
[SourceTitle "10 Days #425"]
[Source "Chess Mix"]
[TimeControl "6000+1685"]
[WhiteClock "0:32:40"]
[BlackClock "0:05:53"]

1. d4 e6 2. c4 Nf6 3. Nf3 d5 4. Nc3 Be7 5. Bg5 h6 6. Bh4 O-O 7. e3 b6 8. Be2 Bb7 9. Bxf6 Bxf6 10. cxd5 exd5 11. b4 Nd7 12. Qb3 c6 13. O-O b5 14. a4 a6 15. a5 Be7 16. Rac1 Rc8 17. Bd3 Rc7 18. Rc2 Re8 19. Bf5 Bd6 20. Rfc1 Nf6 21. g3 Qe7 22. Rb1 Bc8 23. Bxc8 Rexc8 24. Ne1 h5 25. Ne2 Ne4 26. Nf3 Qf6 27. Kg2 h4 28. gxh4 Qg6+ 29. Ng3 Bxb4 30. Ne5 Qh7 31. Rbc1 Bd2 32. Nxc6 Bxc1 33. Ne7+ Kh8 34. Qxd5 Rxc2 35. Nxe4 Rf8 36. Ng5 Qh5 37. Qe4 Rc7 38. Nd5 Rd7 39. Nf4 Qh6 40. Qf5 Rdd8 41. Nxf7+ Rxf7 42. Qxf7 Ba3 43. Ne6 Rb8 44. d5 Bd6 45. f4 b4 46. Qd7 Qg6+ 47. Ng5 b3 48. h5 Qc2+ 49. Kg3 b2 50. Nf7+ Kg8 51. Qe6 Bxf4+ 0-1

[Event "Gibraltar Tradewise op-A"]
[Site "Gibraltar ENG"]
[Date "2015.02.04"]
[Round "9.26"]
[White "Trent, Lawrence"]
[Black "Hansen, Eric"]
[Result "0-1"]
[WhiteElo "2470"]
[BlackElo "2574"]
[PlyCount "78"]
[GameId "2130307661949252"]
[EventDate "2015.01.27"]
[EventType "swiss"]
[EventRounds "10"]
[EventCountry "ENG"]
[SourceTitle "10 Days #425"]
[Source "Chess Mix"]

1. e4 c5 2. Nf3 d6 3. Bb5+ Nd7 4. c3 Ngf6 5. Qe2 a6 6. Ba4 b5 7. Bc2 Bb7 8. d3 g6 9. O-O Bg7 10. Rd1 O-O 11. Nbd2 e5 12. Nf1 h6 13. Ng3 Qc7 14. h3 Rfe8 15. Nh2 Nf8 16. Ng4 Nxg4 17. hxg4 Ne6 18. a4 Rad8 19. axb5 axb5 20. Bb3 Nf4 21. Qf3 c4 22. dxc4 bxc4 23. Ba4 Re6 24. Bxf4 exf4 25. Qxf4 Qb6 26. Qd2 d5 27. exd5 Rxd5 28. Qc2 Rg5 29. Bd7 Re7 30. Ra4 Qc7 31. Bf5 gxf5 32. Nxf5 Rxg4 33. Nxe7+ Qxe7 34. g3 Qh4 35. Kf1 Qh1+ 36. Ke2 Qf3+ 37. Kf1 Be4 38. Rd8+ Kh7 39. Qd2 Qh1+ 0-1

[Event "Gibraltar Tradewise op-A"]
[Site "Gibraltar ENG"]
[Date "2015.02.05"]
[Round "10.19"]
[White "Hansen, Eric"]
[Black "Troff, Kayden"]
[Result "1/2-1/2"]
[WhiteElo "2574"]
[BlackElo "2541"]
[PlyCount "168"]
[GameId "2129404780658089"]
[EventDate "2015.01.27"]
[EventType "swiss"]
[EventRounds "10"]
[EventCountry "ENG"]
[SourceTitle "10 Days #425"]
[Source "Chess Mix"]
[TimeControl "6600+1430"]
[WhiteClock "0:19:10"]
[BlackClock "0:02:27"]

1. Nf3 Nf6 2. g3 d5 3. Bg2 g6 4. b3 Bg7 5. Bb2 O-O 6. c4 e6 7. O-O b6 8. d3 Bb7 9. Nbd2 c5 10. e3 Nc6 11. Qe2 Qc7 12. Rac1 e5 13. cxd5 Nxd5 14. a3 Rad8 15. Rc2 Rfe8 16. Nc4 Qd7 17. Qd1 Nc7 18. Bxe5 Bxe5 19. Nfxe5 Nxe5 20. Nxe5 Rxe5 21. Bxb7 Qxd3 22. Qxd3 Rxd3 23. Rb1 Nb5 24. Ba6 Nxa3 25. Bxd3 Nxb1 26. e4 Re7 27. Kf1 Rc7 28. Ke2 b5 29. Ke3 Na3 30. Rc1 a5 31. e5 b4 32. Bc4 Kf8 33. Bd5 Ke7 34. Kd3 Rc8 35. f4 h5 36. h3 Nb5 37. Ra1 Na3 38. Rc1 Rc7 39. g4 hxg4 40. hxg4 Nb5 41. f5 gxf5 42. gxf5 Nc3 43. f6+ Ke8 44. Rxc3 bxc3 45. Kxc3 Kf8 46. Kc4 Rc8 47. e6 fxe6 48. Bxe6 Rc6 49. Bd5 Rxf6 50. Kxc5 Rf5 51. Kc6 Rf4 52. Kb5 Rf5 53. Kc6 Rf4 54. Kb5 Rf1 55. Kb6 Ke7 56. Bc4 Ra1 57. Bb5 Kd6 58. Ba4 Re1 59. Kxa5 Kc5 60. Bb5 Ra1+ 61. Ba4 Rg1 62. Bb5 Rg8 63. b4+ Kd4 64. Bc6 Kc4 65. Bb5+ Kd5 66. Ba6 Rb8 67. Be2 Kd4 68. Bf3 Kc4 69. Be2+ Kd5 70. Bf3+ Kd4 71. Bg2 Rc8 72. Kb6 Kc4 73. b5 Rf8 74. Bc6 Rf7 75. Bb7 Rf6+ 76. Bc6 Rh6 77. Kc7 Kc5 78. Bd7 Rf6 79. Bc6 Kb4 80. Bd7 Ka5 81. Bc6 Rf7+ 82. Bd7 Rg7 83. b6 Rxd7+ 84. Kxd7 Kxb6 1/2-1/2

[Event "Qatar Masters op"]
[Site "Doha QAT"]
[Date "2014.11.26"]
[Round "1.68"]
[White "Belouadah, Saad"]
[Black "Hansen, Eric"]
[Result "0-1"]
[WhiteElo "2305"]
[BlackElo "2577"]
[PlyCount "76"]
[GameId "2130307663681062"]
[EventDate "2014.11.26"]
[EventType "swiss"]
[EventRounds "9"]
[EventCountry "QAT"]

1. d4 Nf6 2. Nf3 g6 3. Bf4 Bg7 4. e3 O-O 5. Be2 c5 6. c3 d6 7. Nbd2 b6 8. a4 Nc6 9. h3 Bb7 10. O-O Rc8 11. Qb3 e5 12. Bg3 e4 13. Nh2 Qe7 14. Nc4 Ne8 15. dxc5 bxc5 16. Rfd1 Rd8 17. Nxd6 Nxd6 18. Bxd6 Rxd6 19. Rxd6 Qxd6 20. Qxb7 Rb8 21. Qa6 Qc7 22. Rd1 h5 23. Rd2 Ne5 24. a5 c4 25. Rd4 Rxb2 26. Bxc4 Rb1+ 27. Nf1 Ra1 28. Qb5 Rxa5 29. Qe8+ Kh7 30. Bd5 Ra1 31. Bxe4 Qxc3 32. Qb5 Qe1 33. Ra4 Rd1 34. Rxa7 Rd2 35. f4 Qf2+ 36. Kh2 Rb2 37. Qe8 Nf3+ 38. Bxf3 Qxf3 0-1

[Event "Qatar Masters op"]
[Site "Doha QAT"]
[Date "2014.11.27"]
[Round "2.17"]
[White "Hansen, Eric"]
[Black "Movsesian, Sergei"]
[Result "1/2-1/2"]
[WhiteElo "2577"]
[BlackElo "2659"]
[PlyCount "60"]
[GameId "2130307663685181"]
[EventDate "2014.11.26"]
[EventType "swiss"]
[EventRounds "9"]
[EventCountry "QAT"]

1. e4 e5 2. Nf3 Nc6 3. Bb5 Nf6 4. d3 Bc5 5. O-O Nd4 6. Nxd4 Bxd4 7. c3 Bb6 8. Na3 c6 9. Ba4 d6 10. Bb3 O-O 11. Nc4 Bc7 12. Bg5 h6 13. Bh4 Be6 14. Ne3 g5 15. Bg3 a5 16. a4 Qd7 17. Bc2 Ng4 18. Nxg4 Bxg4 19. f3 Be6 20. d4 f6 21. Qd2 Rad8 22. Rad1 Qf7 23. Kh1 Kg7 24. Bf2 Rfe8 25. Be3 Qe7 26. Rfe1 Bf7 27. Qf2 Qe6 28. Qf1 Qc4 29. Qxc4 Bxc4 30. Kg1 Bf7 1/2-1/2

[Event "Qatar Masters op"]
[Site "Doha QAT"]
[Date "2014.11.28"]
[Round "3.19"]
[White "Mamedov, Rauf"]
[Black "Hansen, Eric"]
[Result "1/2-1/2"]
[WhiteElo "2652"]
[BlackElo "2577"]
[PlyCount "82"]
[GameId "2130307663685253"]
[EventDate "2014.11.26"]
[EventType "swiss"]
[EventRounds "9"]
[EventCountry "QAT"]

1. e4 e5 2. Nf3 Nc6 3. Bb5 Nf6 4. d4 Nxd4 5. Nxd4 c6 6. Bc4 exd4 7. Qxd4 Qb6 8. Qd3 Bc5 9. O-O O-O 10. Nc3 Qc7 11. Qf3 b5 12. Bd3 Re8 13. Bg5 Qe5 14. Bf4 Qh5 15. Qg3 Bd4 16. Rae1 Qg4 17. e5 Qxg3 18. hxg3 Bxc3 19. bxc3 Nd5 20. Bd2 a5 21. Re4 f5 22. Re2 g6 23. c4 bxc4 24. Bxc4 Ba6 25. Bxa6 Rxa6 26. Rb1 Rb6 27. Rxb6 Nxb6 28. Bxa5 Nc4 29. Bc3 Kf7 30. a4 Ra8 31. a5 Nxa5 32. Rd2 Ke8 33. Rd4 Nb7 34. Rb4 Nc5 35. Bd4 Ne6 36. Be3 Ra1+ 37. Kh2 Ra5 38. Rb8+ Kf7 39. Rh8 Kg7 40. Re8 Kf7 41. Rh8 Kg7 1/2-1/2

[Event "Qatar Masters op"]
[Site "Doha QAT"]
[Date "2014.11.29"]
[Round "4.19"]
[White "Hansen, Eric"]
[Black "Saric, Ivan"]
[Result "1/2-1/2"]
[WhiteElo "2577"]
[BlackElo "2680"]
[PlyCount "79"]
[GameId "2130307663689419"]
[EventDate "2014.11.26"]
[EventType "swiss"]
[EventRounds "9"]
[EventCountry "QAT"]

1. e4 c5 2. Nf3 Nc6 3. Bb5 g6 4. Bxc6 dxc6 5. d3 Bg7 6. h3 Nf6 7. Nc3 O-O 8. Be3 b6 9. Qd2 e5 10. Bh6 Qd6 11. Bxg7 Kxg7 12. g3 a5 13. Nh4 a4 14. a3 b5 15. Qe3 Rb8 16. f4 exf4 17. gxf4 Nh5 18. Ne2 Qf6 19. Nf3 Qxb2 20. Kf2 Qf6 21. Rag1 b4 22. Qxc5 Rb5 23. Qd4 bxa3 24. Qxf6+ Kxf6 25. Ra1 Rb2 26. Rhc1 a2 27. Ke3 h6 28. Nc3 a3 29. Nxa2 Bxh3 30. Nc3 Ra8 31. Nd4 Bd7 32. Rcb1 Rxb1 33. Nxb1 a2 34. Nc3 Ra3 35. Nb3 g5 36. fxg5+ hxg5 37. Rxa2 Rxa2 38. Nxa2 g4 39. Nc5 Ke7 40. Nxd7 1/2-1/2

[Event "Qatar Masters op"]
[Site "Doha QAT"]
[Date "2014.11.30"]
[Round "5.25"]
[White "Salgado Lopez, Ivan"]
[Black "Hansen, Eric"]
[Result "1/2-1/2"]
[WhiteElo "2622"]
[BlackElo "2577"]
[PlyCount "62"]
[GameId "2130307663693589"]
[EventDate "2014.11.26"]
[EventType "swiss"]
[EventRounds "9"]
[EventCountry "QAT"]

1. c4 Nf6 2. Nf3 c5 3. Nc3 Nc6 4. g3 d5 5. d4 e6 6. cxd5 Nxd5 7. Bg2 cxd4 8. Nxd4 Nxc3 9. bxc3 Nxd4 10. Qxd4 Qxd4 11. cxd4 Bb4+ 12. Bd2 Bxd2+ 13. Kxd2 Ke7 14. Rhc1 Rd8 15. Rc4 Rd6 16. Rac1 Kd8 17. e3 Rb8 18. Rc7 Rd7 19. Rxd7+ Bxd7 20. f4 b6 21. Be4 h6 22. h4 Rc8 23. Rxc8+ Bxc8 24. Bd3 Ke7 25. e4 f5 26. e5 Bb7 27. Be2 Bd5 28. a3 a5 29. Kc3 Kf7 30. Bh5+ g6 31. Be2 h5 1/2-1/2

[Event "Qatar Masters op"]
[Site "Doha QAT"]
[Date "2014.12.01"]
[Round "6.22"]
[White "Hansen, Eric"]
[Black "Kuzubov, Yuriy"]
[Result "0-1"]
[WhiteElo "2577"]
[BlackElo "2661"]
[PlyCount "104"]
[GameId "2130307663697749"]
[EventDate "2014.11.26"]
[EventType "swiss"]
[EventRounds "9"]
[EventCountry "QAT"]

1. e4 c5 2. Nf3 Nc6 3. Bb5 e6 4. O-O Nge7 5. Re1 a6 6. Bf1 d5 7. d3 b6 8. Nbd2 Bb7 9. g3 g6 10. exd5 Nxd5 11. Ne4 Bg7 12. h4 h6 13. c3 O-O 14. Bg2 Nf6 15. Nxf6+ Qxf6 16. Bf4 Qe7 17. Qe2 Rad8 18. Rad1 Rd7 19. Rd2 Qd8 20. Qd1 Qa8 21. Nh2 Ne7 22. Bxb7 Qxb7 23. Ng4 Nf5 24. Ne3 Nxe3 25. Bxe3 Rfd8 26. d4 cxd4 27. cxd4 h5 28. Kh2 b5 29. Ree2 Rd5 30. a4 b4 31. Bg5 R8d7 32. Be3 Qb8 33. Rd3 Qd8 34. Qe1 a5 35. Red2 e5 36. Rc2 Rc7 37. Bg5 Qd7 38. Rxc7 Qxc7 39. Qe4 Qd7 40. b3 exd4 41. Bf4 Qe6 42. Qf3 Rc5 43. Bd2 Rf5 44. Bf4 Be5 45. Kg2 Kh7 46. Rd2 Bxf4 47. gxf4 Rd5 48. Re2 Qd6 49. Re5 Rxe5 50. fxe5 Qe6 51. Qe4 Qxb3 52. Qxd4 Qe6 0-1

[Event "Qatar Masters op"]
[Site "Doha QAT"]
[Date "2014.12.02"]
[Round "7.41"]
[White "Thejkumar, MS."]
[Black "Hansen, Eric"]
[Result "1/2-1/2"]
[WhiteElo "2443"]
[BlackElo "2577"]
[PlyCount "90"]
[GameId "2130307663701934"]
[EventDate "2014.11.26"]
[EventType "swiss"]
[EventRounds "9"]
[EventCountry "QAT"]

1. d4 Nf6 2. c4 g6 3. Nc3 d5 4. cxd5 Nxd5 5. Bd2 Bg7 6. e4 Nb6 7. Be3 O-O 8. Be2 e5 9. dxe5 Bxe5 10. Qc2 Bg7 11. Nf3 Bg4 12. Rd1 Qe7 13. O-O Re8 14. h3 Bxf3 15. Bxf3 c6 16. Rfe1 N8d7 17. g3 h5 18. h4 Ne5 19. Be2 Ng4 20. Bg5 Qc5 21. Bxg4 hxg4 22. Be3 Qc4 23. Rd3 Bxc3 24. Bxb6 axb6 25. a3 Rad8 26. Rxc3 Qd4 27. Rce3 Re5 28. Qe2 Qd7 29. a4 Qe6 30. Rd1 Re8 31. Re1 Kg7 32. b3 Rd8 33. Qb2 f6 34. Qc3 Qd6 35. Qc4 Qd2 36. Qe2 Qd7 37. Kg2 c5 38. Kg1 Qe6 39. Rc1 Rd4 40. Rc4 Qd7 41. Rxd4 cxd4 42. Qd2 Qd6 43. Re2 Rc5 44. Re1 Rc3 45. Rd1 Rxb3 1/2-1/2

[Event "Qatar Masters op"]
[Site "Doha QAT"]
[Date "2014.12.03"]
[Round "8.42"]
[White "Hansen, Eric"]
[Black "Seyb, Alexander"]
[Result "1/2-1/2"]
[WhiteElo "2577"]
[BlackElo "2412"]
[PlyCount "69"]
[GameId "2130307663706101"]
[EventDate "2014.11.26"]
[EventType "swiss"]
[EventRounds "9"]
[EventCountry "QAT"]

1. e4 e5 2. Nf3 Nf6 3. Nxe5 d6 4. Nf3 Nxe4 5. Nc3 Nxc3 6. dxc3 Be7 7. Be3 Nc6 8. Qd2 Be6 9. O-O-O Qd7 10. Kb1 a6 11. h3 O-O-O 12. b3 h5 13. Ng5 Bxg5 14. Bxg5 f6 15. Be3 Rhe8 16. Be2 Qf7 17. Rhe1 Re7 18. Bf1 Bf5 19. Kb2 Rde8 20. f3 Kb8 21. c4 Qg6 22. Bf2 Rxe1 23. Bxe1 Bc8 24. Bf2 Qf7 25. Bd3 Ne5 26. Be4 b6 27. Bd5 Qg6 28. Re1 Nd7 29. g4 Rxe1 30. Qxe1 hxg4 31. hxg4 Ne5 32. f4 Nxg4 33. Bd4 Qf5 34. Qe8 Qd7 35. Qf8 1/2-1/2

[Event "Qatar Masters op"]
[Site "Doha QAT"]
[Date "2014.12.04"]
[Round "9.44"]
[White "Huang Qian"]
[Black "Hansen, Eric"]
[Result "1/2-1/2"]
[WhiteElo "2464"]
[BlackElo "2577"]
[PlyCount "52"]
[GameId "2130307663706173"]
[EventDate "2014.11.26"]
[EventType "swiss"]
[EventRounds "9"]
[EventCountry "QAT"]

1. c4 e5 2. Nc3 Nf6 3. Nf3 Nc6 4. g3 d5 5. cxd5 Nxd5 6. Bg2 Nb6 7. O-O Be7 8. a3 O-O 9. b4 Re8 10. d3 Bf8 11. Bb2 a5 12. b5 Nd4 13. Nd2 a4 14. Rb1 Rb8 15. e3 Nb3 16. Nxb3 axb3 17. a4 Be6 18. a5 Nc8 19. Ra1 Nd6 20. a6 Qd7 21. Qf3 f6 22. Rfc1 Bg4 23. Qd5+ Be6 24. Qf3 Bg4 25. Qd5+ Be6 26. Qf3 Bg4 1/2-1/2

[Event "Guernsey op"]
[Site "Guernsey ENG"]
[Date "2014.10.20"]
[Round "2.1"]
[White "Hansen, Eric"]
[Black "Rosen, Daniel"]
[Result "1-0"]
[WhiteElo "2574"]
[BlackElo "2068"]
[PlyCount "51"]
[GameId "2130307664639797"]
[EventDate "2014.10.19"]
[EventType "swiss"]
[EventRounds "7"]
[EventCountry "ENG"]
[SourceTitle "10 Days #422"]
[Source "Chess Mix"]

1. c4 e5 2. Nc3 d6 3. g3 Nc6 4. Nf3 f5 5. d4 Be7 6. d5 Nb8 7. e4 Nf6 8. exf5 Bxf5 9. Bd3 Bg4 10. h3 Bd7 11. g4 g6 12. Bh6 Kf7 13. Ng5+ Kg8 14. Qd2 Na6 15. O-O-O Nc5 16. Bc2 a5 17. f4 exf4 18. Qxf4 Bf8 19. Bxf8 Qxf8 20. Rhf1 Kg7 21. Rde1 Re8 22. Rxe8 Bxe8 23. Qd4 Qe7 24. Nge4 Ncxe4 25. Nxe4 Rf8 26. g5 1-0

[Event "Guernsey op"]
[Site "Vale GCI"]
[Date "2014.10.19"]
[Round "1.1"]
[White "Sikkel, Dirk"]
[Black "Hansen, Eric"]
[Result "0-1"]
[WhiteElo "2007"]
[BlackElo "2574"]
[PlyCount "100"]
[GameId "2130307664644084"]
[EventDate "2014.10.19"]
[EventType "swiss"]
[EventRounds "7"]
[EventCountry "GCI"]
[SourceTitle "The Week in Chess 1041"]
[Source "Mark Crowther"]
[SourceDate "2014.10.20"]
[SourceVersion "1"]
[SourceVersionDate "2014.10.20"]
[SourceQuality "2"]

1. e4 c5 2. Nf3 e6 3. b3 b6 4. Bb2 Bb7 5. Nc3 Nc6 6. Be2 Be7 7. O-O Bf6 8. Re1 Nge7 9. Na4 Bxb2 10. Nxb2 d5 11. exd5 Nxd5 12. d4 Nc3 13. Qd3 cxd4 14. Bf1 O-O 15. a3 Qf6 16. Nc4 Rad8 17. Ncd2 Ne7 18. Ne5 Rfe8 19. Qg3 Nf5 20. Qh3 Qh6 21. Qxh6 Nxh6 22. Bd3 f6 23. Nec4 e5 24. Ne4 Bxe4 25. Bxe4 b5 26. Nb2 f5 27. Bd3 e4 28. Be2 Nf7 29. Nd1 Nxe2+ 30. Rxe2 d3 31. cxd3 Rxd3 32. Rb1 Red8 33. Ne3 Nd6 34. g3 Rc8 35. Rc2 Rxc2 36. Nxc2 a5 37. Kf1 g5 38. Ne1 Rc3 39. Ke2 Kf7 40. Kd2 Rc5 41. Nc2 Kf6 42. Ne3 f4 43. Nc2 Rd5+ 44. Ke2 Nf5 45. Rb2 Rd3 46. Ke1 Ke5 47. Ke2 h5 48. Kf1 Rd2 49. Ke1 e3 50. fxe3 fxe3 0-1

[Event "Unive op"]
[Site "Hoogeveen NED"]
[Date "2014.10.11"]
[Round "1.4"]
[White "Van Osch, Mees"]
[Black "Hansen, Eric"]
[Result "0-1"]
[WhiteElo "2188"]
[BlackElo "2574"]
[PlyCount "94"]
[GameId "2130307665087629"]
[EventDate "2014.10.11"]
[EventType "swiss"]
[EventRounds "9"]
[EventCountry "NED"]
[SourceTitle "The Week in Chess 1040"]
[Source "Mark Crowther"]
[SourceDate "2014.10.13"]
[SourceVersion "1"]
[SourceVersionDate "2014.10.13"]
[SourceQuality "2"]

1. e4 c5 2. Nf3 e6 3. d4 cxd4 4. Nxd4 a6 5. Bd3 Nf6 6. O-O Qc7 7. c4 d6 8. Qe2 g6 9. Nc3 Bg7 10. Be3 O-O 11. Rad1 Nbd7 12. f4 b6 13. Kh1 Bb7 14. Bg1 Rac8 15. Rc1 Rfe8 16. Nf3 Nh5 17. Be3 Nc5 18. Bb1 Bxc3 19. Rxc3 Bxe4 20. b4 Na4 21. Ra3 Bc6 22. Bc2 b5 23. Bxa4 bxa4 24. Rc3 Qb7 25. a3 Bxf3 26. Qxf3 Qxf3 27. Rxf3 Nf6 28. Rc2 Ne4 29. Rf1 Rc6 30. Rfc1 Rec8 31. Kg1 f5 32. Kf1 Kf7 33. Ke2 e5 34. Kd3 Ke6 35. g3 Nf6 36. fxe5 dxe5 37. Ke2 Ne4 38. Bf2 g5 39. Bg1 f4 40. Kd3 Nf6 41. gxf4 gxf4 42. Re1 e4+ 43. Kd4 Rd6+ 44. Kc3 Rd3+ 45. Kb2 Rb3+ 46. Ka2 e3 47. c5 Ne4 0-1

[Event "Unive op"]
[Site "Hoogeveen NED"]
[Date "2014.10.12"]
[Round "2.4"]
[White "Hansen, Eric"]
[Black "Raghavi, Nagarajan"]
[Result "1-0"]
[WhiteElo "2574"]
[BlackElo "2253"]
[PlyCount "43"]
[GameId "2130307665087661"]
[EventDate "2014.10.11"]
[EventType "swiss"]
[EventRounds "9"]
[EventCountry "NED"]
[SourceTitle "The Week in Chess 1040"]
[Source "Mark Crowther"]
[SourceDate "2014.10.13"]
[SourceVersion "1"]
[SourceVersionDate "2014.10.13"]
[SourceQuality "2"]

1. e4 e5 2. Nf3 Nc6 3. Bb5 a6 4. Ba4 Nf6 5. O-O Be7 6. Re1 b5 7. Bb3 O-O 8. h3 Bb7 9. d3 d5 10. exd5 Nxd5 11. Nbd2 Nd4 12. c3 Nxb3 13. Nxb3 c5 14. Nxe5 Bd6 15. d4 c4 16. Nc5 Bxc5 17. dxc5 Qc7 18. Qg4 Rad8 19. Qg3 Rfe8 20. Bd2 Qxc5 21. Bh6 Qf8 22. Nd7 1-0

[Event "Unive op"]
[Site "Hoogeveen NED"]
[Date "2014.10.13"]
[Round "3.4"]
[White "Guramishvili, Sopiko"]
[Black "Hansen, Eric"]
[Result "0-1"]
[WhiteElo "2381"]
[BlackElo "2574"]
[PlyCount "76"]
[GameId "2130307665091790"]
[EventDate "2014.10.11"]
[EventType "swiss"]
[EventRounds "9"]
[EventCountry "NED"]
[SourceTitle "The Week in Chess 1040"]
[Source "Mark Crowther"]
[SourceDate "2014.10.13"]
[SourceVersion "1"]
[SourceVersionDate "2014.10.13"]
[SourceQuality "2"]

1. d4 Nf6 2. c4 e6 3. Nc3 Bb4 4. e3 c6 5. Qb3 Ba5 6. g3 O-O 7. Bg2 d5 8. Nf3 b6 9. Ne5 Ba6 10. cxd5 cxd5 11. Bd2 Nfd7 12. Nxd7 Qxd7 13. Rc1 Rc8 14. Qd1 Nc6 15. a3 Bxc3 16. Bxc3 Rc7 17. h4 Rac8 18. Bf1 Bxf1 19. Kxf1 Na5 20. Kg2 Nc4 21. Qd3 Qb5 22. Rhd1 Qb3 23. Qe2 Nxa3 24. bxa3 Rxc3 25. Rd3 Qxa3 26. Rcxc3 Rxc3 27. Rxc3 Qxc3 28. Qa6 Qc7 29. Qa4 g6 30. g4 h6 31. g5 hxg5 32. hxg5 a5 33. Qb5 Qa7 34. Qa4 Kg7 35. Kg3 b5 36. Qxb5 a4 37. Qc5 Qxc5 38. dxc5 Kf8 0-1

[Event "Unive op"]
[Site "Hoogeveen NED"]
[Date "2014.10.14"]
[Round "4.2"]
[White "Hansen, Eric"]
[Black "Mikhalevski, Victor"]
[Result "1/2-1/2"]
[WhiteElo "2574"]
[BlackElo "2550"]
[PlyCount "78"]
[GameId "2130307665091819"]
[EventDate "2014.10.11"]
[EventType "swiss"]
[EventRounds "9"]
[EventCountry "NED"]
[SourceTitle "The Week in Chess 1041"]
[Source "Mark Crowther"]
[SourceDate "2014.10.20"]
[SourceVersion "1"]
[SourceVersionDate "2014.10.20"]
[SourceQuality "2"]

1. e4 e5 2. Nf3 Nc6 3. Bb5 a6 4. Ba4 Nf6 5. O-O Nxe4 6. d4 b5 7. Bb3 d5 8. dxe5 Be6 9. Qe2 Be7 10. Rd1 O-O 11. c4 bxc4 12. Bxc4 Bc5 13. Be3 Bxe3 14. Qxe3 Qb8 15. Bb3 Na5 16. Nd4 Qb6 17. Na3 Nxb3 18. Qxb3 Rab8 19. Qxb6 Rxb6 20. f3 Nc5 21. Rac1 Nd7 22. Rxc7 Nxe5 23. b3 g5 24. Nb1 Rfb8 25. Nc3 R8b7 26. Rc5 Rd7 27. Re1 Nd3 28. Rc8+ Kg7 29. Re3 Nf4 30. g3 Rb4 31. Nc2 d4 32. Rxe6 Nxe6 33. Nxb4 dxc3 34. Rxc3 Rd1+ 35. Kg2 a5 36. Nc2 Rd2+ 37. Kg1 Rd1+ 38. Kf2 Rd2+ 39. Kg1 Rd1+ 1/2-1/2

[Event "Unive op"]
[Site "Hoogeveen NED"]
[Date "2014.10.15"]
[Round "5.2"]
[White "Vovk, Andrey"]
[Black "Hansen, Eric"]
[Result "1-0"]
[WhiteElo "2637"]
[BlackElo "2574"]
[PlyCount "79"]
[GameId "2130307665091850"]
[EventDate "2014.10.11"]
[EventType "swiss"]
[EventRounds "9"]
[EventCountry "NED"]
[SourceTitle "The Week in Chess 1041"]
[Source "Mark Crowther"]
[SourceDate "2014.10.20"]
[SourceVersion "1"]
[SourceVersionDate "2014.10.20"]
[SourceQuality "2"]

1. e4 c5 2. Nf3 e6 3. d4 cxd4 4. Nxd4 Nc6 5. Nc3 Qc7 6. Be3 a6 7. Be2 Nf6 8. O-O Be7 9. f4 d6 10. Kh1 O-O 11. Qe1 Nxd4 12. Bxd4 b5 13. a3 Bb7 14. Qg3 Rad8 15. Rae1 Rd7 16. Bd3 Re8 17. e5 dxe5 18. Bxe5 Qd8 19. Ne4 Nh5 20. Qe3 g6 21. Nc5 Bxc5 22. Qxc5 Qh4 23. Qe3 Nf6 24. f5 Qg4 25. Qf2 Ne4 26. Bxe4 Bxe4 27. fxg6 f5 28. gxh7+ Kxh7 29. Re3 Rg8 30. Rg3 Qh5 31. h3 Rxg3 32. Qxg3 Qg6 33. Qf2 Qh6 34. Kh2 Rd2 35. Qa7+ Kg6 36. Rf2 Rxf2 37. Qxf2 Qc1 38. Qa7 Qg5 39. Qg7+ Kh5 40. Qh7+ 1-0

[Event "Unive op"]
[Site "Hoogeveen NED"]
[Date "2014.10.15"]
[Round "6.4"]
[White "Hansen, Eric"]
[Black "Antoli Royo, Joaquin Miguel"]
[Result "1-0"]
[WhiteElo "2574"]
[BlackElo "2450"]
[PlyCount "81"]
[GameId "2130307665095980"]
[EventDate "2014.10.11"]
[EventType "swiss"]
[EventRounds "9"]
[EventCountry "NED"]
[SourceTitle "The Week in Chess 1041"]
[Source "Mark Crowther"]
[SourceDate "2014.10.20"]
[SourceVersion "1"]
[SourceVersionDate "2014.10.20"]
[SourceQuality "2"]

1. e4 c5 2. Nf3 d6 3. Bb5+ Nd7 4. O-O a6 5. Bd3 g6 6. Re1 Bg7 7. c3 Ngf6 8. Bc2 O-O 9. d4 Qc7 10. h3 e5 11. d5 b5 12. a4 Rb8 13. b3 Nh5 14. Na3 Nf4 15. Be3 h6 16. axb5 axb5 17. c4 bxc4 18. Nxc4 g5 19. Bd2 Nf6 20. Ne3 Bd7 21. Ba5 Qc8 22. Nh2 h5 23. Nc4 Ne8 24. Nb6 Qd8 25. Nxd7 Qxd7 26. Nf1 Bh6 27. Ne3 Ng7 28. Bd2 Ra8 29. Qf3 Rxa1 30. Rxa1 Qb7 31. Nc4 Rd8 32. g3 Nxh3+ 33. Kg2 f5 34. exf5 g4 35. Qd3 Bxd2 36. f6 Ne6 37. Qxd2 Nd4 38. Be4 Nxb3 39. Qh6 Nxa1 40. Ne3 Rd7 41. Bf5 1-0